000 00971cam a2200253 i 4500
003 SA-RiAUC
005 20250428062853.0
008 250423s1999 ua g 00010 ara c
020 _z1022838
040 _aSA-RiAUC
_bara
_cSA-RiAUC
_erda
082 0 4 _a330.121
_qSA-RiAUC
090 _a330.121
_b ن ج ا
100 1 _aالنجار، أحمد محمد عبد العزيز،
_d1932-1996
_eمؤلف.
245 1 2 _aالمدخل إلى النظرية الاقتصادية في المنهج الإسلامي /
_cأحمد محمد عبد العزيز النجار.
250 _aالطبعة الثانية
264 1 _aالقاهرة :
_bدار الفكر العربي،
_c1980
300 _aصفحة
336 _aنص
_btxt
_2rdacontent
_3كتاب
337 _aبدون وسيط
_bn
_2rdamedia
338 _aمجلد
_bnc
_2rdacarrier
650 7 _aالاقتصاد الإسلامي
_2aucsh
942 _2ddc
_cBOOK
_n0
949 _aSA-JeALM
_d250423
_umohamedma123
_n1
999 _c7409
_d7409